Globalización laboral y de la seguridad social (Registro nro. 6806)

Detalles MARC
000 -LEADER
fixed length control field 02433cam a2200289 a 4500
003 - CONTROL NUMBER IDENTIFIER
control field OSt
005 - DATE AND TIME OF LATEST TRANSACTION
control field 20200831115517.0
008 - FIXED-LENGTH DATA ELEMENTS--GENERAL INFORMATION
fixed length control field 081030s2007 ck r 100 0 spa d
020 ## - INTERNATIONAL STANDARD BOOK NUMBER
International Standard Book Number 9789588298450
040 ## - CATALOGING SOURCE
Original cataloging agency DLC
Transcribing agency CO-JMCR
Modifying agency CO-BoPUJ
041 0# - LANGUAGE CODE
Language code of text/sound track or separate title spa
082 04 - DEWEY DECIMAL CLASSIFICATION NUMBER
Classification number 344.02 /
Item number H565g
Edition number 23
100 1# - MAIN ENTRY--PERSONAL NAME
Personal name Herrera Vergara, José Roberto,
Relator term editor
9 (RLIN) 8955
245 10 - TITLE STATEMENT
Title Globalización laboral y de la seguridad social
Statement of responsibility, etc. editor José Roberto Herrera Vergara
250 ## - EDITION STATEMENT
Edition statement Primera edición
260 ## - PUBLICATION, DISTRIBUTION, ETC.
Place of publication, distribution, etc. Bogotá :
Name of publisher, distributor, etc. Editorial Universidad del Rosario,
Date of publication, distribution, etc. 2007.
300 ## - PHYSICAL DESCRIPTION
Extent 184 páginas
Dimensions 24 cm.
490 0# - SERIES STATEMENT
Series statement Colección textos de jurisprudencia
505 0# - FORMATTED CONTENTS NOTE
Title De la seguridad social /
Statement of responsibility Alejandro Venegas Franco. --
Title La trasnacionalización del derecho del trabajo y la responsabilidad del empresario /
Statement of responsibility Joaquín Aparicio Tovar.
Title El derecho laboral colombiano frente a los procesos de integración y trasnacionalización /
Statement of responsibility Germán Valdés Sánchez.
Title La jerarquía y efectividad de las normas internacionales del trabajo en el derecho colombiano /
Statement of responsibility Carlos Ernesto Molina Monsalve.
Title Tendencias de la seguridad social en la Unión Europea /
Statement of responsibility Enrico Traversa.
Miscellaneous information El
Title El futuro de los regímenes pensionales en América Latina /
Statement of responsibility Mario Pasco Cosmópolis.
Title Derechos humanos en el trabajo /
Statement of responsibility Patricia Cursín Villalobos.
Title Uruguay en el contexto del derecho al trabajo /
Statement of responsibility Nelson Lustanov Domínguez. --
Title El derecho laboral y trabajo informal en la globalización /
Statement of responsibility José Roberto Herrera Vergara.
Title Efectos laborales de la integración
Statement of responsibility Óscar Hernández Álvarez.
Title Hacia un nuevo sistema de protección en Colombia
Statement of responsibility Olga Lucía Acosta Navarro.
Title Ronda final de preguntas generales.
520 ## - SUMMARY, ETC.
Summary, etc. La globalización económica, hecho inevitable en el mundo moderno, ha aparejado un cambio significativo y vertiginoso en las instituciones prácticas laborales. a su turno, muchos abogan hoy por la necesidad de una globalización social. Esta interesantísima temática es, sin duda, la más relevante en esta disciplina del derecho porque comporta un nuevo examen de su identidad y una visión de su futuro.
650 14 - SUBJECT ADDED ENTRY--TOPICAL TERM
Topical term or geographic name entry element Derecho laboral
Form subdivision Congresos
9 (RLIN) 9480
650 24 - SUBJECT ADDED ENTRY--TOPICAL TERM
Topical term or geographic name entry element Seguridad social
General subdivision Aspectos jurídicos
Form subdivision Congresos
9 (RLIN) 9481
650 24 - SUBJECT ADDED ENTRY--TOPICAL TERM
Topical term or geographic name entry element Derecho laboral
Geographic subdivision Colombia
Form subdivision Congresos
9 (RLIN) 9482
650 24 - SUBJECT ADDED ENTRY--TOPICAL TERM
Topical term or geographic name entry element Seguridad social
General subdivision Aspectos jurídicos
Form subdivision Congresos
Geographic subdivision Colombia
9 (RLIN) 9483
650 24 - SUBJECT ADDED ENTRY--TOPICAL TERM
Topical term or geographic name entry element Globalización
Form subdivision Congresos
9 (RLIN) 9484
942 ## - ADDED ENTRY ELEMENTS (KOHA)
Source of classification or shelving scheme Dewey Decimal Classification
Koha item type Books
Existencias
Withdrawn status Lost status Source of classification or shelving scheme Damaged status Not for loan Home library Current library Shelving location Date acquired Coded location qualifier Total Checkouts Full call number Barcode Date last seen Price effective from Koha item type
    Dewey Decimal Classification     Biblioteca Pública José María del Castillo y Rada Biblioteca Pública José María del Castillo y Rada General Stacks 04/15/2018 $0.   344.02 / H565g 201809990 05/16/2024 04/15/2018 Books